000 00216nam a2200097Ia 4500
005 20251222114351.0
008 251222s1900||||xx |||||||||||||| ||spa||
082 _aDVD0070/Y37/2004
245 0 _aEleni:Eleni
942 _cDVD
999 _c1241
_d1241